000 00449pab a2200145 454500
008 180718b1989 xxu||||| |||| 00| 0 eng d
100 _aSanford, Jonathan E.
245 _aThe world bank and poverty
_bA review of the evidence on whether the agency has diminished emphasis on aid to the poor
260 _c1989
300 _a151-64
362 _aApr.
650 _aPoverty
773 _aAmerican Journal of Economics and Sociology
909 _a15762
999 _c15762
_d15762